EEZs of Countries on an Empty Map - Statistics

General Stats
  • This quiz has been taken 1,177 times
  • The average score is 91 of 151
Answers on the Map
Answers color-coded by a green-red scale on the quiz's map according to % correct below.
 
Answer Stats
Country % Correct
Argentina
65%
Australia
65%
Chile
65%
India
65%
Ireland
65%
Italy
65%
Japan
65%
Madagascar
65%
Malaysia
65%
Morocco
65%
Russia
65%
United States
65%
Brazil
64%
Cuba
64%
France
64%
Iceland
64%
Mexico
64%
New Zealand
64%
Norway
64%
Oman
64%
South Africa
64%
South Korea
64%
Spain
64%
Turkey
64%
United Kingdom
64%
Vietnam
64%
China
63%
Cyprus
63%
Denmark
63%
Greece
63%
Indonesia
63%
Namibia
63%
Papua New Guinea
63%
Peru
63%
Philippines
63%
Portugal
63%
Sri Lanka
63%
Sweden
63%
Algeria
62%
Angola
62%
Cambodia
62%
Canada
62%
Colombia
62%
Croatia
62%
Ecuador
62%
Egypt
62%
Estonia
62%
Finland
62%
Germany
62%
Iran
62%
Jamaica
62%
Maldives
62%
Mozambique
62%
Panama
62%
Saudi Arabia
62%
Senegal
62%
Somalia
62%
Taiwan
62%
Uruguay
62%
Venezuela
62%
Yemen
62%
Bahamas
61%
Bahrain
61%
Belgium
61%
Cape Verde
61%
Dominican Republic
61%
Eritrea
61%
Fed. States of Micronesia
61%
Gambia
61%
Kiribati
61%
Kuwait
61%
Latvia
61%
Libya
61%
Mauritius
61%
Netherlands
61%
North Korea
61%
Pakistan
61%
Poland
61%
Suriname
61%
Thailand
61%
Albania
60%
Benin
60%
Brunei
60%
Djibouti
60%
East Timor
60%
Israel
60%
Kenya
60%
Liberia
60%
Lithuania
60%
Monaco
60%
Myanmar
60%
Nicaragua
60%
Qatar
60%
Seychelles
60%
Sudan
60%
Ukraine
60%
Bangladesh
59%
El Salvador
59%
Lebanon
59%
Tunisia
59%
United Arab Emirates
59%
Bosnia and Herzegovina
58%
Costa Rica
58%
Gabon
58%
Georgia
58%
Guinea
58%
Guinea Bissau
58%
Guyana
58%
Haiti
58%
Iraq
58%
Jordan
58%
Malta
58%
Mauritania
58%
Montenegro
58%
Nigeria
58%
Romania
58%
Singapore
58%
Syria
58%
Bulgaria
57%
Comoros
57%
Equatorial Guinea
57%
Ghana
57%
Honduras
57%
Ivory Coast
57%
Marshall Islands
57%
Sierra Leone
57%
Slovenia
57%
Tanzania
57%
Trinidad and Tobago
57%
Dem. Rep. of the Congo
56%
Nauru
56%
Vanuatu
56%
Belize
55%
Cameroon
55%
Guatemala
55%
Palau
55%
Republic of the Congo
55%
Solomon Islands
55%
Togo
55%
Tonga
55%
Fiji
53%
Samoa
53%
São Tomé and Príncipe
53%
Barbados
52%
Tuvalu
52%
Grenada
51%
Antigua and Barbuda
50%
Dominica
50%
St. Kitts and Nevis
50%
St. Lucia
50%
St. Vincent and Grenadines
49%
No matching quizzes found
Score Distribution
Percent of People with Each Score
Percentile by Number Answered
Your Score History
You have not taken this quiz